| 000 | 00000nam##2200000za#4500 |
| 001 | 9.593634 |
| 003 | CaOODSP |
| 005 | 20210624201941 |
| 007 | cr ||||||||||| |
| 008 | 150406|2001||||xxc|||||o f|0| 0 fre|d |
| 040 | |aCaOODSP|bfre |
| 043 | |an-cn--- |
| 086 | 1 |aYM32-6/01-25F-PDF |
| 245 | 03|aLa forteresse Amérique du Nord? Ce qu'implique la «sécurité du périmètre» pour le Canada : |h[ressource électronique]|brapport du séminaire / |c[par] Blayne Haggart. |
| 260 | |bBibliothèque du Parlement. |cLe 18 décembre 2001. |
| 300 | |a14p. |
| 490 | 1 |a[Les études générales modulaires]|vPRB 01-25F |
| 590 | |a07-01-Supp|b2007-01-31 |
| 691 | 07|aSécurité nationale|2gcpds |
| 691 | 07|aTerrorisme|2gcpds |
| 710 | 1 |aCanada.|bBibliothèque du Parlement. |bDirection de la recherche parlementaire. |
| 720 | 1 |aHaggart, Blayne |
| 775 | 08|tFortress North America? What "perimeter security" means for Canada : |w(CaOODSP)9.561015 |
| 830 | #0|a[Les études générales modulaires]|vPRB 01-25F|w(CaOODSP)9.501321 |
| 856 | 40|ahttp://publications.gc.ca|qPDF|s149 Ko|uhttps://publications.gc.ca/collections/Collection-R/LoPBdP/PRB-f/PRB0125-f.pdf|yPRB 01-25F |